00522nam a2200193 a 4500001001300000003000900013005001700022008004100039020001000080082001800090100002000108245004600128260004700174300000900221500003500230505002400265650001900289700002000308nice12345678IN_TiNIC20260116011700.0050524s1969 mada grp 000 0 eng  ac10000a230.0954bBOY aByod, Robin H S aIntroduction to Indian Christian Theology aMadrasbChristian Literature Societyc1969 a285p aincludes index and biblioraphy2 aBibliography, Index aTheology-India1 aByod, Robin H S